01080nam a2200217 i 4500001000700000003000900007005001700016008004100033080002200074100004400096245013200140260009100272300002800363490008100391600002800472710008200500830008600582852005200668999001900720952012300739181228ES-MaACL20250812224327.0121105s1921 sp |||| | spa d a51 Ciruelo, Pedro1 aLorente Pérez, José María.97412110aBiografía y análisis de las obras de matemática pura de Pedro Sánchez Ciruelo / cpor José María Lorente y Pérez. aMadrid : bJunta para Ampliación de Estudios e Investigaciones Científicas,c1921. aP. [263]-349 ; c23 cm.1 aPublicaciones del Laboratorio y Seminario Matemático ; vt. 3. Memoria 5ª14aCiruelo, Pedro.91517952 aJunta para la Ampliación de Estudios e Investigaciones Científicas.9541300aPublicaciones del Laboratorio y Seminario Matemáticovt. 3. Memoria 5ª9191411 aES-MaACLjB-13178(5) z.- Enc. en vol. facticio c181228d181228 00104070aATENEOMbATENEOMcSPBd2012-11-05eSCl0oB-13178(5)p1190446r2023-02-23 00:00:00w2023-02-23yMONOGRAFIA